[Event "Polugaevsky Memorial 2016"]
[Site "Samara RUS"]
[Date "2016.07.07"]
[Round "5.9"]
[White "Yeletsky, Ivan"]
[Black "Matinian, Nikita"]
[Result "1/2-1/2"]
[WhiteTitle "FM"]
[BlackTitle "IM"]
[WhiteElo "2344"]
[BlackElo "2489"]
[WhiteFideId "24180327"]
[BlackFideId "24129100"]
[EventDate "2016.07.03"]

1. e4 e5 2. Nf3 Nc6 3. Bb5 a6 4. Ba4 Nf6 5. O-O Be7 6. Re1 b5 7. Bb3 d6 8. c3
O-O 9. h3 Nb8 10. d3 Nbd7 11. Nbd2 Bb7 12. Bc2 Re8 13. Nf1 Bf8 14. Ng3 g6 15.
Bd2 c5 16. Qc1 d5 17. Bh6 dxe4 18. dxe4 Qe7 19. Nh4 Bxh6 20. Qxh6 Qf8 21. Qg5 h6
22. Qe3 Kh7 23. f4 Qe7 24. Rad1 Rad8 25. Rf1 Ng4 26. hxg4 Qxh4 27. g5 Kg7 28.
gxh6+ Qxh6 29. Rd6 Re6 30. Rxe6 fxe6 31. Qd2 exf4 32. Rxf4 Ne5 33. Qxd8 Qxf4 34.
Qe7+ Nf7 35. Nf1 Bxe4 36. Bxe4 Qxe4 37. Qxc5 Qb1 38. Qa3 e5 39. b3 Qd3 40. Qxa6
Qxc3 41. Qxb5 Qd4+ 42. Kh1 e4 43. Qe2 Nd6 44. a4 Nf5 45. a5 Qa1 46. Kh2 Qe5+ 47.
Kh1 Qa1 48. Kh2 Qe5+ 49. Kh1 Qa1 1/2-1/2

[Event "Polugaevsky Memorial 2016"]
[Site "Samara RUS"]
[Date "2016.07.08"]
[Round "6.1"]
[White "Utegaliyev, Azamat"]
[Black "Konovalov, Nikolay"]
[Result "1-0"]
[BlackTitle "IM"]
[WhiteElo "2494"]
[BlackElo "2444"]
[WhiteFideId "13702467"]
[BlackFideId "4170962"]
[EventDate "2016.07.03"]

1. Nf3 g6 2. c4 Bg7 3. d4 d6 4. Nc3 e5 5. Bg5 f6 6. Bh4 Nd7 7. e4 Nh6 8. dxe5
dxe5 9. b4 c6 10. c5 Qe7 11. Bc4 Nf7 12. O-O O-O 13. Qe2 Re8 14. Nd2 Nf8 15.
Bxf7+ Qxf7 16. Nc4 Qe7 17. f3 Ne6 18. Bf2 f5 19. Nd6 Rf8 20. Rad1 Nd4 21. Qb2
Be6 22. exf5 Nxf5 23. Rfe1 Rad8 24. Nce4 Bd5 25. Rxd5 cxd5 26. Qb3 Nxd6 27. cxd6
Qe6 28. Rd1 b6 29. Rxd5 h6 30. a4 Rf4 31. Qd3 Bf8 32. a5 bxa5 33. bxa5 a6 34.
Bc5 Rd7 35. g3 Rff7 36. Bb6 Qf5 37. Kg2 Kh7 38. g4 Qf4 39. Bf2 Qc1 40. Rxe5 Qa1
41. Re6 Rb7 42. Rxg6 Bg7 43. Rxh6+ Bxh6 44. Nc5+ Kg8 45. Nxb7 Rxb7 46. Qd5+ 1-0

[Event "Polugaevsky Memorial 2016"]
[Site "Samara RUS"]
[Date "2016.07.08"]
[Round "6.2"]
[White "Nozdrachev, Vladislav"]
[Black "Fedorov, Alexei"]
[Result "1/2-1/2"]
[WhiteTitle "IM"]
[BlackTitle "GM"]
[WhiteElo "2455"]
[BlackElo "2565"]
[WhiteFideId "24113441"]
[BlackFideId "13500465"]
[EventDate "2016.07.03"]

1. e4 c5 2. Nf3 Nc6 3. Bb5 e6 4. Bxc6 bxc6 5. b3 f6 6. O-O e5 7. Nh4 Ne7 8. f4
d6 9. fxe5 dxe5 10. Bb2 Be6 11. d3 Qd7 12. Nd2 Ng6 13. Nf5 Nf4 14. Nc4 Bxc4 15.
dxc4 Qxd1 16. Raxd1 Rd8 17. g3 Nh3+ 18. Kg2 Ng5 19. Rxd8+ Kxd8 20. Rd1+ Kc7 21.
Re1 g6 22. h4 Ne6 23. Ne3 h5 24. Rf1 Be7 25. Bc3 Kd7 26. Rd1+ Kc8 27. a3 Rf8 28.
Rd2 Nd4 29. Nd1 Kd7 30. Nf2 Ke6 31. Nd3 Rd8 32. Bxd4 Rxd4 33. Re2 Rd8 34. Kf3
Rh8 35. Kg2 Rd8 36. Kf3 Rh8 37. Kg2 Rd8 38. Kf3 Rh8 39. Kg2 Rd8 40. Kf3 Rh8 1/2-1/2

[Event "Polugaevsky Memorial 2016"]
[Site "Samara RUS"]
[Date "2016.07.08"]
[Round "6.3"]
[White "Oganian, Miran"]
[Black "Predke, Alexandr"]
[Result "1/2-1/2"]
[WhiteTitle "IM"]
[BlackTitle "GM"]
[WhiteElo "2433"]
[BlackElo "2540"]
[WhiteFideId "4122488"]
[BlackFideId "24107581"]
[EventDate "2016.07.03"]

1. d4 Nf6 2. c4 e6 3. g3 Bb4+ 4. Bd2 a5 5. Bg2 O-O 6. Nf3 b6 7. O-O Bb7 8. Bf4
Be7 9. Nc3 Ne4 10. Qc2 Nxc3 11. Qxc3 d6 12. Rfe1 Nd7 13. Qc2 f5 14. e4 g5 15.
Bc1 f4 16. gxf4 gxf4 17. Bh3 e5 18. b3 Qe8 19. Kh1 Kh8 20. Bxd7 Qxd7 21. dxe5
Qg4 22. Qe2 dxe5 23. Bb2 Bf6 24. Rad1 Rg8 25. Rg1 Qe6 26. Rxg8+ Rxg8 27. Rg1 Rg6
28. Ne1 Rxg1+ 29. Kxg1 f3 30. Qxf3 Qg8+ 31. Kf1 Qg6 32. Nd3 Bxe4 33. Nxe5 Bxf3
34. Nxg6+ Kg7 35. Ne5 Be4 36. Ke2 Bb1 37. Kd1 Kg8 38. f4 Be7 39. Nc6 Bc5 40. Be5
Bxa2 41. Kc2 a4 42. bxa4 Bxc4 43. Bxc7 Be6 44. Ne5 Be3 45. Nd3 h5 46. h4 Kg7 47.
Bb8 Bd7 48. Kb3 Be6+ 49. Kc3 Bd7 1/2-1/2

[Event "Polugaevsky Memorial 2016"]
[Site "Samara RUS"]
[Date "2016.07.08"]
[Round "6.4"]
[White "Yudin, Sergei"]
[Black "Mokshanov, Alexey"]
[Result "1-0"]
[WhiteTitle "GM"]
[BlackTitle "IM"]
[WhiteElo "2531"]
[BlackElo "2419"]
[WhiteFideId "4159659"]
[BlackFideId "24121657"]
[EventDate "2016.07.03"]

1. e4 e6 2. Qe2 e5 3. g3 Nc6 4. Bg2 Bc5 5. Nf3 Nf6 6. d3 d6 7. c3 a6 8. Nbd2 O-O
9. O-O Re8 10. h3 Ba7 11. Nc4 Ne7 12. a4 Ng6 13. a5 Bd7 14. Be3 Bxe3 15. Nxe3
Bc6 16. Nh2 d5 17. Nhg4 Nxg4 18. hxg4 dxe4 19. dxe4 Qg5 20. Rfd1 Rad8 21. Nd5
Rd7 22. b3 Nf8 23. Qf3 h6 24. Qf5 Nh7 25. Rd3 Qd8 26. Rad1 g6 27. Qf3 Bxd5 28.
Rxd5 Rxd5 29. exd5 Ng5 30. Qe2 e4 31. c4 Kf8 32. c5 Qf6 33. Qe3 Qe5 34. d6 cxd6
35. cxd6 Qxa5 36. Qd4 Kg8 37. d7 Rd8 38. Qf6 Qc7 39. Qe7 Kg7 40. Rd6 Nf3+ 41.
Bxf3 exf3 42. Rf6 1-0

[Event "Polugaevsky Memorial 2016"]
[Site "Samara RUS"]
[Date "2016.07.08"]
[Round "6.5"]
[White "Yanchenko, Roman"]
[Black "Demidov, Mikhail"]
[Result "0-1"]
[WhiteTitle "FM"]
[BlackTitle "IM"]
[WhiteElo "2414"]
[BlackElo "2514"]
[WhiteFideId "4137329"]
[BlackFideId "4197143"]
[EventDate "2016.07.03"]

1. d4 d5 2. c4 dxc4 3. Qa4+ Nd7 4. e3 c6 5. Qxc4 e5 6. Nf3 Nb6 7. Qc2 exd4 8.
Nxd4 Nf6 9. Bd2 g6 10. Be2 c5 11. Nf3 Bf5 12. Qc3 Be7 13. Bb5+ Bd7 14. Bxd7+
Qxd7 15. Qc2 O-O 16. Nc3 Rfd8 17. Rd1 Nfd5 18. Nxd5 Qxd5 19. b3 c4 20. O-O cxb3
21. axb3 Bf6 22. h3 Qb5 23. Bc1 Nd5 24. Nd4 Qb6 25. Bb2 Rac8 26. Qd2 Qb4 27. Qd3
Rd7 28. Rc1 Rcd8 29. Rc4 Qb6 30. Qe4 a6 31. Rfc1 Qd6 32. Qg4 h5 33. Qf3 Bg7 34.
Ba1 Qa3 35. Rd1 Ne7 36. Rb1 Qd6 37. Rcc1 Qd5 38. Qxd5 Nxd5 39. b4 Bf8 40. b5 a5
41. Nb3 a4 42. Nc5 Bxc5 43. Rxc5 f5 44. Bd4 Nf4 45. exf4 Rxd4 46. Rc7 a3 47. Kh2
Rxf4 48. Ra1 Ra8 49. f3 b6 50. Rc6 Kg7 51. Rxb6 Rb4 52. Ra2 h4 53. f4 Kh6 54.
Kg1 Rb1+ 55. Kh2 Rd8 56. Rb7 Rdd1 57. g4 hxg3+ 58. Kxg3 Rb3+ 0-1

[Event "Polugaevsky Memorial 2016"]
[Site "Samara RUS"]
[Date "2016.07.08"]
[Round "6.6"]
[White "Drygalov, Sergey"]
[Black "Lugovskoy, Maxim"]
[Result "1-0"]
[BlackTitle "IM"]
[WhiteElo "2400"]
[BlackElo "2458"]
[WhiteFideId "24171743"]
[BlackFideId "24126454"]
[EventDate "2016.07.03"]

1. Nf3 Nf6 2. c4 e6 3. g3 d5 4. Bg2 Be7 5. O-O O-O 6. d4 dxc4 7. Qc2 a6 8. a4
Nbd7 9. Qxc4 b5 10. Qd3 Bb7 11. Nbd2 c5 12. axb5 axb5 13. Rxa8 Qxa8 14. Qxb5
cxd4 15. Nh4 Bxg2 16. Nxg2 Rb8 17. Qd3 e5 18. e3 Nc5 19. Qf5 e4 20. exd4 Nd3 21.
Nc4 Rd8 22. Qa5 Qc8 23. b3 Rxd4 24. Nge3 g6 25. Bd2 Nc5 26. Bc3 Rd3 27. Rb1 h5
28. b4 Ne6 29. b5 Ng5 30. b6 Nf3+ 31. Kg2 Rd7 32. Qb5 Rb7 33. Bxf6 Bxf6 34. Nd6
Qe6 35. Nxb7 Ng5 36. g4 Nf3 37. Qd5 1-0

[Event "Polugaevsky Memorial 2016"]
[Site "Samara RUS"]
[Date "2016.07.08"]
[Round "6.8"]
[White "Rozum, Ivan"]
[Black "Litvinov, Maxim"]
[Result "1-0"]
[WhiteTitle "GM"]
[WhiteElo "2581"]
[BlackElo "2373"]
[WhiteFideId "24104272"]
[BlackFideId "24157449"]
[EventDate "2016.07.03"]

1. c4 e6 2. Nf3 d5 3. b3 Nf6 4. Bb2 c5 5. cxd5 exd5 6. e3 Nc6 7. Bb5 Be7 8. O-O
O-O 9. d4 Bg4 10. dxc5 Bxc5 11. Nc3 a6 12. Bxc6 bxc6 13. Ne2 Bd6 14. Qc2 Bxf3
15. gxf3 Rc8 16. Ng3 Re8 17. Qf5 Re6 18. Rac1 Nd7 19. f4 Bf8 20. Rfd1 Nc5 21.
Bd4 Nd7 22. Rc2 a5 23. Bb2 Qe8 24. Rd4 Nb6 25. Qg4 c5 26. Rd1 Rg6 27. Qf3 Rd6
28. f5 f6 29. Nh5 a4 30. Qg4 axb3 31. axb3 Nd7 32. Rcd2 Qf7 33. Nf4 c4 34. bxc4
Rxc4 35. Ba3 Ne5 36. Qg2 Rd7 37. Bxf8 Kxf8 38. Ne6+ Kg8 39. f4 Nc6 40. Rxd5 Rxd5
41. Qxd5 Qh5 42. Ng5+ Kf8 43. Qd6+ Ke8 44. Qd7+ 1-0

[Event "Polugaevsky Memorial 2016"]
[Site "Samara RUS"]
[Date "2016.07.08"]
[Round "6.9"]
[White "Lintchevski, Daniil"]
[Black "Ofitserian, Boris"]
[Result "1/2-1/2"]
[WhiteTitle "GM"]
[BlackTitle "FM"]
[WhiteElo "2548"]
[BlackElo "2304"]
[WhiteFideId "4171055"]
[BlackFideId "24199443"]
[EventDate "2016.07.03"]

1. e4 c5 2. Nf3 d6 3. d4 cxd4 4. Nxd4 Nf6 5. Nc3 a6 6. Be3 e5 7. Nf3 Be7 8. Bc4
O-O 9. O-O Qc7 10. Bb3 Be6 11. Bg5 Nbd7 12. Qe2 Rfc8 13. Rfd1 b5 14. Ne1 b4 15.
Bxf6 Nxf6 16. Nd5 Nxd5 17. Bxd5 Bxd5 18. Rxd5 Qb6 19. g3 Rc6 20. Rad1 Rac8 21.
h4 g6 22. R1d3 a5 23. Qe3 Qa6 24. a4 Rc5 25. Qd2 Qc4 26. Rxc5 Rxc5 27. f3 f5 28.
b3 Qe6 29. c4 bxc3 30. Rxc3 d5 31. exf5 gxf5 32. Nd3 Rxc3 33. Qxc3 Bd6 34. Qc6
Kf7 35. Qb7+ Kg6 36. h5+ Kh6 37. Qc6 Kxh5 38. Kg2 d4 39. Nf2 Kg6 40. b4 axb4 41.
a5 b3 42. Nd3 Kf6 43. a6 e4 44. fxe4 b2 45. Nxb2 Qe5 46. Kf1 Qxg3 47. e5+ Qxe5
48. Nc4 Qf4+ 49. Ke2 Qh2+ 50. Kd1 Qg1+ 51. Kc2 d3+ 52. Kxd3 Qb1+ 53. Kd2 Qa2+
54. Kc3 Qa1+ 55. Kb3 Qd1+ 56. Kb2 Qe2+ 57. Kc1 Qe1+ 58. Kc2 Qe2+ 59. Nd2 Qe6 60.
Nc4 Qe2+ 61. Kb3 Qd3+ 62. Ka4 Qc2+ 63. Ka5 Qc3+ 64. Kb6 Qb4+ 65. Qb5 Bc5+ 66.
Kc6 Qxb5+ 67. Kxb5 Ba7 68. Kc6 f4 69. Kb7 Bc5 70. Nb6 f3 1/2-1/2

[Event "Polugaevsky Memorial 2016"]
[Site "Samara RUS"]
[Date "2016.07.09"]
[Round "7.1"]
[White "Demidov, Mikhail"]
[Black "Utegaliyev, Azamat"]
[Result "1/2-1/2"]
[WhiteTitle "IM"]
[WhiteElo "2514"]
[BlackElo "2494"]
[WhiteFideId "4197143"]
[BlackFideId "13702467"]
[EventDate "2016.07.03"]

1. Nf3 Nf6 2. c4 c5 3. Nc3 Nc6 4. e3 g6 5. d4 d6 6. dxc5 dxc5 7. Qxd8+ Nxd8 8.
Nd5 Ne6 9. Nxf6+ exf6 10. Bd2 b6 11. Bc3 Bg7 12. Be2 Bb7 13. O-O-O Ke7 14. h4 h5
15. Ne1 Rad8 16. Rxd8 Rxd8 17. Bf3 Bxf3 18. Nxf3 f5 19. Bxg7 Nxg7 20. Kc2 Ne6
21. g3 Rd6 22. a3 a5 23. Ne5 Nf8 24. Nd3 Nd7 25. Rb1 Nf6 26. f3 Re6 27. Re1 Rd6
28. Nf4 Nd7 29. Kc3 Kf8 30. Nd5 Nf6 31. Rd1 b5 32. b3 b4+ 33. axb4 axb4+ 34. Kc2
Ke8 35. Nxf6+ Rxf6 36. Ra1 Re6 37. Kd3 Rd6+ 38. Ke2 Ke7 39. Ra7+ Ke6 40. f4 Rc6
41. Ra5 Kf6 42. Kf3 Ke6 43. Ke2 Kf6 44. Ra7 Ke6 45. Ra8 1/2-1/2

[Event "Polugaevsky Memorial 2016"]
[Site "Samara RUS"]
[Date "2016.07.09"]
[Round "7.2"]
[White "Gutenev, Alexander"]
[Black "Yudin, Sergei"]
[Result "0-1"]
[WhiteTitle "FM"]
[BlackTitle "GM"]
[WhiteElo "2398"]
[BlackElo "2531"]
[WhiteFideId "4195540"]
[BlackFideId "4159659"]
[EventDate "2016.07.03"]

1. e4 d6 2. d4 Nf6 3. Nc3 g6 4. g3 Bg7 5. Bg2 O-O 6. h3 e5 7. Nge2 Nc6 8. Be3
exd4 9. Nxd4 Bd7 10. O-O Re8 11. Re1 a6 12. f4 Rb8 13. Kh2 Na5 14. Bf2 b5 15.
Rb1 c5 16. Nb3 Nc4 17. Nd2 Nb6 18. e5 dxe5 19. fxe5 Nh5 20. Nf3 Bc6 21. Bxc5 Nc4
22. Ne4 Nxe5 23. Bd6 Nxf3+ 24. Bxf3 Rc8 25. g4 Nf6 26. Nxf6+ Bxf6 27. Rxe8+ Qxe8 0-1

[Event "Polugaevsky Memorial 2016"]
[Site "Samara RUS"]
[Date "2016.07.09"]
[Round "7.3"]
[White "Rozum, Ivan"]
[Black "Drygalov, Sergey"]
[Result "1-0"]
[WhiteTitle "GM"]
[WhiteElo "2581"]
[BlackElo "2400"]
[WhiteFideId "24104272"]
[BlackFideId "24171743"]
[EventDate "2016.07.03"]

1. Nf3 d5 2. g3 Nf6 3. Bg2 c6 4. c4 g6 5. b3 Bg7 6. Bb2 O-O 7. O-O Bg4 8. d3
Bxf3 9. Bxf3 Re8 10. d4 dxc4 11. bxc4 e5 12. e3 exd4 13. exd4 Nbd7 14. Nc3 Qb6
15. Rb1 Qa6 16. Qb3 Nb6 17. c5 Nbd7 18. Rfd1 Rac8 19. a4 b6 20. Nb5 Bf8 21. Nd6
Bxd6 22. cxd6 Re6 23. d5 cxd5 24. Bxd5 Nxd5 25. Qxd5 Rc5 26. Qd4 f6 27. Re1 Ree5
28. Rxe5 fxe5 29. Qg4 Qd3 30. Qe6+ Kf8 31. Rf1 Qf5 32. Qe7+ Kg8 33. f4 Rc2 34.
fxe5 Qh3 35. Qe8+ Kg7 36. Qxd7+ 1-0

[Event "Polugaevsky Memorial 2016"]
[Site "Samara RUS"]
[Date "2016.07.09"]
[Round "7.4"]
[White "Fedorov, Alexei"]
[Black "Kozionov, Kirill"]
[Result "1-0"]
[WhiteTitle "GM"]
[BlackTitle "IM"]
[WhiteElo "2565"]
[BlackElo "2440"]
[WhiteFideId "13500465"]
[BlackFideId "24101729"]
[EventDate "2016.07.03"]

1. e4 Nf6 2. e5 Nd5 3. d4 d6 4. c4 Nb6 5. f4 dxe5 6. fxe5 Nc6 7. Be3 Bf5 8. Nc3
e6 9. Nf3 Bg4 10. Be2 Bxf3 11. gxf3 Qh4+ 12. Bf2 Qf4 13. c5 Nd7 14. Bb5 O-O-O
15. Bxc6 bxc6 16. Qe2 Nb8 17. Rd1 Be7 18. O-O g5 19. b4 Rhg8 20. Bg3 Qf5 21. b5
cxb5 22. Qxb5 c6 23. Qa5 Rd7 24. Ne4 g4 25. Rb1 gxf3 26. Qb4 Na6 27. Qa4 Nb8 28.
Qb3 Na6 29. Qd3 Nxc5 30. Nxc5 Rxg3+ 31. hxg3 Bxc5 32. Qa6+ Kd8 33. dxc5 Qc2 34.
Rb8+ Ke7 35. Rxf3 Rd1+ 36. Rf1 Qxc5+ 37. Kh2 Qc2+ 38. Kh3 1-0

[Event "Polugaevsky Memorial 2016"]
[Site "Samara RUS"]
[Date "2016.07.09"]
[Round "7.5"]
[White "Predke, Alexandr"]
[Black "Musaev, Rasul"]
[Result "1-0"]
[WhiteTitle "GM"]
[BlackTitle "FM"]
[WhiteElo "2540"]
[BlackElo "2219"]
[WhiteFideId "24107581"]
[BlackFideId "24146870"]
[EventDate "2016.07.03"]

1. e4 e6 2. d4 d5 3. Nc3 Nf6 4. e5 Nfd7 5. f4 c5 6. Nf3 Be7 7. Be3 b6 8. Qd2 O-O
9. h4 Ba6 10. Bxa6 Nxa6 11. h5 f5 12. exf6 Nxf6 13. Ne5 Qe8 14. g4 cxd4 15. Bxd4
Nc5 16. h6 Nfe4 17. Qh2 g6 18. O-O Nxc3 19. bxc3 b5 20. f5 exf5 21. gxf5 Bd6 22.
Qg2 Ne4 23. Nxg6 hxg6 24. h7+ Kxh7 25. Qh3+ Kg8 26. Qh8+ 1-0

[Event "Polugaevsky Memorial 2016"]
[Site "Samara RUS"]
[Date "2016.07.09"]
[Round "7.6"]
[White "Matinian, Nikita"]
[Black "Oganian, Miran"]
[Result "1/2-1/2"]
[WhiteTitle "IM"]
[BlackTitle "IM"]
[WhiteElo "2489"]
[BlackElo "2433"]
[WhiteFideId "24129100"]
[BlackFideId "4122488"]
[EventDate "2016.07.03"]

1. e4 c5 2. Nf3 d6 3. d4 cxd4 4. Nxd4 Nf6 5. Nc3 a6 6. h3 e5 7. Nb3 Be6 8. Be3
Be7 9. Qf3 Nbd7 10. g4 h6 11. O-O-O Qc7 12. Nd5 Bxd5 13. exd5 Nb6 14. Kb1 Rc8
15. Bxb6 Qxb6 16. Bd3 Nd7 17. h4 Qd8 18. Qg3 Nc5 19. Nxc5 Rxc5 20. g5 g6 21. f4
exf4 22. Qxf4 Rxd5 23. h5 Bxg5 24. Qf3 Re5 25. hxg6 Qe7 26. Rhf1 f6 27. Bc4 Kf8
28. Bd5 Re3 29. Qh1 Kg7 30. Bxb7 a5 31. Qc6 Kxg6 32. Rxd6 Re1+ 33. Rd1 Rxf1 34.
Rxf1 Rd8 35. Ba6 h5 36. Bd3+ Kh6 37. Qb5 Re8 38. a3 Qe5 39. Qc4 Qe6 40. Qa4 Qe5
41. Rh1 Rb8 42. b3 f5 43. Qc6+ Bf6 44. Kc1 Rg8 45. Kd1 Rg3 46. Re1 Qa1+ 47. Kd2
Qd4 48. Re6 Rg6 49. Ke2 Qg4+ 50. Qf3 Kg5 51. b4 axb4 52. axb4 Bd4 53. Rxg6+ Kxg6
54. c4 Kf6 55. Bxf5 Ke5 1/2-1/2

[Event "Polugaevsky Memorial 2016"]
[Site "Samara RUS"]
[Date "2016.07.09"]
[Round "7.7"]
[White "Konovalov, Nikolay"]
[Black "Iskusnyh, Sergei"]
[Result "1-0"]
[WhiteTitle "IM"]
[BlackTitle "GM"]
[WhiteElo "2444"]
[BlackElo "2460"]
[WhiteFideId "4170962"]
[BlackFideId "4120027"]
[EventDate "2016.07.03"]

1. Nf3 d5 2. g3 Nf6 3. Bg2 c6 4. d3 Bf5 5. Nh4 Bg4 6. h3 Bh5 7. g4 Bg6 8. e3 e6
9. Qe2 Nfd7 10. Nxg6 hxg6 11. O-O g5 12. Nd2 Ne5 13. f4 Ng6 14. Nf3 gxf4 15.
exf4 Nh4 16. Nxh4 Qxh4 17. f5 Bc5+ 18. Be3 Qe7 19. Bxc5 Qxc5+ 20. Kh1 Qe7 21.
Rae1 Rh6 22. Qe5 g5 23. Qg7 Rf6 24. fxe6 Rxe6 25. Qg8+ Kd7 26. Rxe6 Qxe6 27.
Rxf7+ Kd6 28. Qf8+ 1-0

[Event "Polugaevsky Memorial 2016"]
[Site "Samara RUS"]
[Date "2016.07.09"]
[Round "7.8"]
[White "Palachev, Petr"]
[Black "Nozdrachev, Vladislav"]
[Result "1/2-1/2"]
[WhiteTitle "FM"]
[BlackTitle "IM"]
[WhiteElo "2408"]
[BlackElo "2455"]
[WhiteFideId "24129003"]
[BlackFideId "24113441"]
[EventDate "2016.07.03"]

1. d4 Nf6 2. c4 e6 3. Nf3 b6 4. g3 Ba6 5. b3 d5 6. cxd5 exd5 7. Bg2 Bb4+ 8. Bd2
Bd6 9. Nc3 O-O 10. O-O Nbd7 11. Qc2 Re8 12. Rfe1 Rc8 13. Nh4 c5 14. Nf5 Bf8 15.
Qb2 g6 16. Nh6+ Bxh6 17. Bxh6 Ng4 18. Bf4 g5 19. Be3 Nxe3 20. fxe3 Nf6 21. Qd2
Ne4 22. Bxe4 dxe4 23. Rac1 cxd4 24. Qxd4 Qxd4 25. exd4 Kg7 26. e3 h5 27. a4 Rcd8
28. Na2 Rc8 29. Nc3 Bd3 30. Nb5 Rc2 31. Rxc2 Bxc2 32. Nxa7 Ra8 33. Nb5 Bxb3 34.
Nc3 Bxa4 35. Nxe4 Ra5 36. Nd6 Bd7 37. Rb1 b5 38. h4 gxh4 39. gxh4 Kf8 40. Rb2
Ra6 41. Ne4 Rg6+ 42. Kf2 Ke7 43. Ng5 f6 44. Nf3 Rg4 45. Ra2 Kd6 46. Ra8 Bc6 47.
Rf8 Rg6 48. Ne1 Be4 49. Re8 Kd5 50. Rc8 Rg4 51. Rc5+ Kd6 52. Rxb5 1/2-1/2

[Event "Polugaevsky Memorial 2016"]
[Site "Samara RUS"]
[Date "2016.07.09"]
[Round "7.9"]
[White "Elistratov, Semen"]
[Black "Lintchevski, Daniil"]
[Result "0-1"]
[WhiteTitle "FM"]
[BlackTitle "GM"]
[WhiteElo "2345"]
[BlackElo "2548"]
[WhiteFideId "24134325"]
[BlackFideId "4171055"]
[EventDate "2016.07.03"]

1. e4 c6 2. d4 d5 3. Nc3 dxe4 4. Nxe4 Bf5 5. Ng3 Bg6 6. Nh3 e6 7. Nf4 Qc7 8. h4
Bd6 9. Nxg6 hxg6 10. Ne4 Bf4 11. Bxf4 Qxf4 12. Qe2 Nf6 13. Nxf6+ gxf6 14. c3 Nd7
15. g3 Qc7 16. Bg2 f5 17. f4 O-O-O 18. O-O-O Nf6 19. Kb1 Rd7 20. Bf3 Rhd8 21.
Qc4 Kb8 22. b4 Nd5 23. Bxd5 exd5 24. Qd3 Re7 25. Rde1 Re4 26. Rxe4 fxe4 27. Qe2
Qe7 28. Kc2 Kc7 29. Kd2 a5 30. a3 axb4 31. axb4 Ra8 32. Ke3 Qe6 33. g4 Ra3 34.
Rc1 Qe7 35. Qb2 Qxh4 36. Qxa3 Qg3+ 37. Ke2 Qg2+ 38. Ke1 e3 0-1

[Event "Polugaevsky Memorial 2016"]
[Site "Samara RUS"]
[Date "2016.07.10"]
[Round "8.1"]
[White "Utegaliyev, Azamat"]
[Black "Yudin, Sergei"]
[Result "1/2-1/2"]
[BlackTitle "GM"]
[WhiteElo "2494"]
[BlackElo "2531"]
[WhiteFideId "13702467"]
[BlackFideId "4159659"]
[EventDate "2016.07.03"]

1. e4 d6 2. d4 Nf6 3. Nc3 e5 4. Nf3 Nbd7 5. Bc4 Be7 6. O-O O-O 7. a4 a5 8. Re1
c6 9. h3 Nb6 10. Ba2 Nfd7 11. Be3 exd4 12. Bxd4 Nc5 13. Bxc5 dxc5 14. Qe2 Qd6
15. Qe3 Qg6 16. Ne5 Qf6 17. Nf3 Qg6 18. Kh1 Be6 19. Bxe6 Qxe6 20. b3 Rad8 21.
Ne2 Rfe8 22. Rad1 Bf8 23. Rxd8 Rxd8 24. c4 Na8 25. Nf4 Qh6 26. g4 Nc7 27. Kg2
Be7 28. h4 Ne6 29. g5 Nxf4+ 30. Qxf4 Qe6 31. Qf5 Qxf5 32. exf5 Kf8 33. Re3 Rd1
34. Ne5 Rd4 35. f4 f6 36. g6 h6 37. Nd3 Bd6 38. Kf3 h5 39. Kg3 Bc7 40. Rf3 Bd6
41. Nf2 Bc7 42. Nd3 Bd6 43. Kg2 Ke7 44. Kf1 Re4 45. Kf2 Kd8 46. Re3 Rd4 47. Ke2
Bxf4 48. Re6 Bd6 49. Nf2 Be7 50. Re4 Rxe4+ 51. Nxe4 Ke8 52. Kd3 b6 53. Ng3 Bd6
54. Nxh5 Kf8 55. Ke4 Kg8 56. Kf3 Be5 57. Kg2 Kf8 58. Kh1 Kg8 59. Kg2 Kf8 60. Kf3
Kg8 61. Ke4 Kf8 62. Nf4 Bxf4 63. Kxf4 Kg8 64. h5 Kh8 65. Kg4 Kg8 66. h6 gxh6 67.
Kh4 Kh8 68. Kh5 Kg7 69. Kh4 Kg8 70. Kh5 Kg7 71. Kh4 1/2-1/2

[Event "Polugaevsky Memorial 2016"]
[Site "Samara RUS"]
[Date "2016.07.10"]
[Round "8.2"]
[White "Predke, Alexandr"]
[Black "Rozum, Ivan"]
[Result "0-1"]
[WhiteTitle "GM"]
[BlackTitle "GM"]
[WhiteElo "2540"]
[BlackElo "2581"]
[WhiteFideId "24107581"]
[BlackFideId "24104272"]
[EventDate "2016.07.03"]

1. e4 c6 2. d4 d5 3. e5 Bf5 4. Nf3 e6 5. Be2 c5 6. O-O Nc6 7. c3 a6 8. Be3 c4 9.
b3 b5 10. a4 Be7 11. Na3 Rb8 12. axb5 axb5 13. Nxb5 Rxb5 14. bxc4 Ra5 15. Qb3
Nh6 16. cxd5 exd5 17. Bb5 Rxb5 18. Qxb5 Qd7 19. Ra8+ Nd8 20. c4 dxc4 21. Qxd7+
Bxd7 22. d5 Nf5 23. Bb6 O-O 24. d6 Nc6 25. Rfa1 Bd8 26. Bxd8 Nxd8 27. Rb1 f6 28.
Ra7 Bc6 29. exf6 gxf6 30. Rd1 c3 31. d7 c2 32. Rc1 Bxf3 33. Rxc2 Bc6 34. Rc7 Ne7
35. Rd2 Bd5 36. f4 Kf7 37. f5 h5 38. Rc5 Be4 39. Re2 Bxf5 40. Rxe7+ Kxe7 41.
Rxf5 Rh8 42. Kf2 Ke6 43. Rb5 Kxd7 44. Kg3 Rg8+ 45. Kf3 Rg5 46. Rxg5 fxg5 47. h4
Ke6 48. g4 gxh4 49. gxh5 Kf5 50. h6 Nf7 51. h7 Ng5+ 0-1

[Event "Polugaevsky Memorial 2016"]
[Site "Samara RUS"]
[Date "2016.07.10"]
[Round "8.3"]
[White "Demidov, Mikhail"]
[Black "Fedorov, Alexei"]
[Result "1-0"]
[WhiteTitle "IM"]
[BlackTitle "GM"]
[WhiteElo "2514"]
[BlackElo "2565"]
[WhiteFideId "4197143"]
[BlackFideId "13500465"]
[EventDate "2016.07.03"]

1. d4 Nf6 2. Nf3 g6 3. g3 c5 4. Bg2 Bg7 5. O-O cxd4 6. Nxd4 Nc6 7. c4 O-O 8. Nc3
Qa5 9. Nb3 Qh5 10. e4 d6 11. Qxh5 Nxh5 12. c5 dxc5 13. Nxc5 Rb8 14. Be3 b6 15.
Nb3 Be6 16. Rac1 Nf6 17. Nb5 Na5 18. Nxa7 Ng4 19. Bf4 Rb7 20. Nc6 Nxc6 21. Rxc6
Ne5 22. Rc2 Nd3 23. Be3 Nb4 24. Rd2 Nxa2 25. Nd4 Bc4 26. Rfd1 e5 27. Nc6 Rc7 28.
Rd6 Bb3 29. R1d3 Bc4 30. Ra3 Rfc8 31. Ra7 Bf8 32. Rxc7 Rxc7 33. Rd8 Kg7 34. Nxe5
Be6 35. Nd3 Be7 36. Re8 Rd7 37. Bf1 b5 38. Nf4 Bc4 39. Bxc4 bxc4 40. Nd5 Bd8 41.
Kg2 f5 42. f3 Kf7 43. Rh8 Ke6 44. Kf1 Kd6 45. Ke2 Kc6 46. Bd2 Kc5 47. Re8 g5 48.
g4 f4 49. Kd1 1-0